| 000 | 01365nam a2200265Ia 4500 | ||
|---|---|---|---|
| 999 |
_c55190 _d55190 |
||
| 001 | 22265 | ||
| 003 | GE_BSU | ||
| 005 | 20230216112231.0 | ||
| 008 | 181216s ||||ge |||||||||||||| ||geo|| | ||
| 020 | _a978-9941-13-054-0 | ||
| 040 | _cGE_BSU | ||
| 041 | _ageo | ||
| 080 | _a821.353.1.09 ჭ-83 | ||
| 100 |
_aჭუმბურიძე, ჯუმბერ _95774 |
||
| 245 |
_aლიტერატურულ-კრიტიკული და პუბლიცისტური წერილები, თარგმანები / _cჯუმბერ ჭუმბურიძე ; რედ. მამუკა ჭანტურაია. |
||
| 264 |
_aთბილისი : _bთბილ. უნ-ტის გამ-ბა, _c2008. |
||
| 300 |
_a210 გვ. ; _c20 სმ |
||
| 504 | _aბიბლიოგრაფია ტექსტების შენიშვნებში | ||
| 541 | _h9 ლ. | ||
| 653 | _aლიტერატურულ-კრიტიკული და პუბლიცისტური წერილები | ||
| 653 | _aთარგმანები | ||
| 653 | _aქართული ლიტერატურის ისტორია და კრიტიკა | ||
| 700 |
_aჭანტურაია, მამუკა _eრედაქტორი _916932 |
||
| 942 |
_cBK _2udc |
||